| 000 | 00654nam a2200205Ia 4500 | ||
|---|---|---|---|
| 005 | 20250507130318.0 | ||
| 008 | 008 250505s9999 xx 000 0 eng d | ||
| 020 | _a0835115682 | ||
| 037 | _aAnnuals, Advances | ||
| 040 |
_aEASL _beng _cEASL |
||
| 041 |
_aeng _2eng |
||
| 084 |
_aV41:8.N85, M5 _qEASL |
||
| 100 | _aForeign Languages Press | ||
| 245 | 0 | _aThird session of the Sixth National People's Congress (March 1985) | |
| 260 |
_aChina _bBeijing Foreign Languages Press China _c1985 |
||
| 300 | _a125p. | ||
| 650 |
_aChina - NPC - Sixth; CEL _9755155 |
||
| 942 |
_cTEXL _hV41:8.N85, M5 |
||
| 999 |
_c1318925 _d1318925 |
||